| 000 | 00000nam##2200000za#4500 |
| 001 | 9.673971 |
| 003 | CaOODSP |
| 005 | 20200328164645 |
| 007 | ta |
| 008 | 150407|2014||||xxc||||| f|0| 0 eng|d |
| 020 | |a978-1-100-54770-1 |
| 040 | |aCaOODSP|beng |
| 041 | |aeng |
| 041 | |afre |
| 043 | |an-cn--- |
| 086 | 1 |aFs154-36/2014 |
| 110 | 1 |aCanada.|bDepartment of Fisheries and Oceans. |bCanadian Coast Guard. |
| 245 | 10|aMid-Shore Patrol Vessel CCGS Corporal Teather C.V. / |cpublished by Communications Branch, Fisheries and Oceans Canada, Central and Arctic Region. |
| 260 | |aOttawa - Ontario : |bFisheries and Oceans Canada. |c2014. |
| 300 | |a1 folded sheet, [4]p. ; |c14 cm. |
| 563 | |aPamphlet |
| 590 | |a15-13|b2015-03-27 |
| 792 | |tNavire de patrouille semi-hauturier NGCC Corporal Teather C.V. / |efre|w(CaOODSP)9.673972 |